Datum a čas kvízu
24.5
Celkem bodů
Celkový počet nahraných bodů na tomto kvízu bez doplňovacích otázek.
8.
Pořadí na kvízu
Konečné umístění týmu na tomto kvízu.
Zaznamenané odpovědi
| # | Otázka | Odpověď | Body | Výsledky |
|---|---|---|---|---|
| 1. | Který obchodní řetězec minulý... | Billa | 1 | |
| 2. | Na obrázku můžete vidět Leonor... | za lososa | 0 | |
| 3. | Která česká kapela odehrála v... | J.A.R. | 0 | |
| 4. | Minulý týden došlo ke změně ma... | nákupní centrum Palladium | 1 | |
| 5. | Minulý týden se jeden evropský... | FC Barcelona, Camp Nou | 0 | |
| 6. | Za půl bodu uveďte název ameri... | Bratrstvo neohrožených/Band of Brothers; rota E/Easy Company | 0 | |
| 7. | Seřaďte následující vojenské h... | 1C 2A 3B 4D | 1 | |
| 8. | Po půl bodu uveďte jméno inter... | Karel Kryl; Píseň neznámého vojína | 0.5 | |
| 9. | Uveďte jméno zobrazeného česko... | Alois Eliáš | 0 | |
| 10. | Ve kterém satirickém románu vy... | Hlava XXII (Catch-22) | 0 |